| 000 | 00414nam a22001697a 4500 | ||
|---|---|---|---|
| 003 | MPLRDC | ||
| 005 | 20220104164816.0 | ||
| 008 | 210129b ||||| |||| 00| 0 eng d | ||
| 020 | _a0-583-30185-1 | ||
| 082 | _a859.6 BLY-8 | ||
| 100 | _aENID BLYTON | ||
| 245 |
_aMORE TWENTY-MINUTE TALES _c |
||
| 260 |
_a _bGRANADA PUBLISHING _c |
||
| 300 | _b平 | ||
| 650 | _aCHILDREN LITERATURE | ||
| 942 |
_cBK _o859.6 BLY-8 |
||
| 999 |
_c57159 _d57149 |
||